ARRUPE JESUIT UNIVERSITY

CORONAVIRUS -STOP THE SPREAD - CLEAN,DISINFECT,COVER

Midwife for souls : (Record no. 117780)

MARC details
000 -LEADER
fixed length control field 01012pam a2200265 a 4500
001 - CONTROL NUMBER
control field 4415946
003 - CONTROL NUMBER IDENTIFIER
control field ARRUPE
005 - DATE AND TIME OF LATEST TRANSACTION
control field 20130913123739.0
008 - FIXED-LENGTH DATA ELEMENTS--GENERAL INFORMATION
fixed length control field 930818s1993 mau b 000 0 eng
010 ## - LIBRARY OF CONGRESS CONTROL NUMBER
LC control number 93032153
020 ## - INTERNATIONAL STANDARD BOOK NUMBER
International Standard Book Number 0819847690 (pbk.) :
Terms of availability $4.95
040 ## - CATALOGING SOURCE
Original cataloging agency DLC
Transcribing agency DLC
Modifying agency DLC
050 00 - LIBRARY OF CONGRESS CALL NUMBER
Classification number BV4910.9
Item number .K35 1993
082 00 - DEWEY DECIMAL CLASSIFICATION NUMBER
Classification number 259/.4
Edition number 20
300 ## - PHYSICAL DESCRIPTION
Dimensions 20 cm.
100 1# - MAIN ENTRY--PERSONAL NAME
Personal name Kalina, Kathy.
9 (RLIN) 132
245 10 - TITLE STATEMENT
Title Midwife for souls :
Remainder of title spiritual care for the dying : a guide for hospice care workers and all who live with the terminally ill /
Statement of responsibility, etc by Kathy Kalina.
260 ## - PUBLICATION, DISTRIBUTION, ETC. (IMPRINT)
Place of publication, distribution, etc Boston :
Name of publisher, distributor, etc St. Paul Books,
Date of publication, distribution, etc c1993.
300 ## - PHYSICAL DESCRIPTION
Extent 111 p. ;
650 #0 - SUBJECT ADDED ENTRY--TOPICAL TERM
Topical term or geographic name as entry element Caregivers
General subdivision Religious life.
9 (RLIN) 133
650 #0 - SUBJECT ADDED ENTRY--TOPICAL TERM
Topical term or geographic name as entry element Hospice care
General subdivision Religious aspects
-- Christianity.
9 (RLIN) 134
650 #0 - SUBJECT ADDED ENTRY--TOPICAL TERM
Topical term or geographic name as entry element Terminal care
General subdivision Religious aspects
-- Christianity.
9 (RLIN) 135
906 ## - LOCAL DATA ELEMENT F, LDF (RLIN)
a 7
b cbc
c orignew
d 1
e ocip
f 19
g y-gencatlg
942 ## - ADDED ENTRY ELEMENTS (KOHA)
Source of classification or shelving scheme Library of Congress Classification
Koha item type Monograph ( Printed materials)
Holdings
Withdrawn status Lost status Source of classification or shelving scheme Damaged status Not for loan Collection code Home library Current library Shelving location Date acquired Total Checkouts Full call number Barcode Date last seen Price effective from Koha item type
    Library of Congress Classification     Main Collection ARRUPE LIBRARY ARRUPE LIBRARY Main Collection 13/09/2013   BV4910.9 .K35 1993 46409984 24/01/2017 13/09/2013 Monograph ( Printed materials)

 

Arrupe Library. PO Box MP320 Mt Pleasant, Harare, Zimbabwe
263 242 745411|librarian@aju.ac.zw